| 000 | 00359nam a2200109Ia 4500 | ||
|---|---|---|---|
| 008 | 171211s9999 xx 000 0 und d | ||
| 245 | _aThoughtrave: An Interdimensional Conversation with Lady Gaga | ||
| 245 | _cGeorge Elerick, Lady Gaga, and Robert Craig Baun | ||
| 260 | _c2016 | ||
| 650 | _xBiography | ||
| 856 | _uhttp://down.ebook777.com/061/0692686916.pdf | ||
| 999 |
_c349906 _d349906 |
||